Stazioni servite dalle linee S di Milano - Statistics

Statistiche generali
  • Questo quiz è stato fatto 210 volte
    39 dall'ultimo reset
  • Il punteggio medio è 53 su 125
Statistiche sulle risposte
Linee interessate Nome della stazione % Corretto
S5 S6 S11 Rho
97%
S11 Como San Giovanni
83%
S1 S2 S12 S13 Milano Rogoredo
79%
S7 S8 S9 S11 Monza
79%
S13 Pavia
79%
S5 Varese
79%
S1 Lodi
76%
S9 Milano Lambrate
76%
S1 S2 S5 S6 S7 S8 S11 S12 S13 Milano Porta Garibaldi
76%
S7 S8 S9 S11 Sesto San Giovanni
72%
S7 S8 Lecco
69%
S5 S6 S9 Milano Forlanini
69%
S3 S4 Milano Nord Cadorna
69%
S6 Novara
69%
S1 S3 S9 Saronno
69%
S5 S6 S11 Milano Certosa
66%
S1 S2 S3 S4 S12 S13 Milano Nord Bovisa
66%
S1 S2 S5 S6 S12 S13 Milano Porta Venezia
66%
S1 S2 S5 S6 S12 S13 Milano Repubblica
66%
S5 S6 Treviglio
66%
S7 S8 S9 S11 Milano Greco Pirelli
62%
S9 Milano Porta Romana
62%
S1 S2 S5 S6 S12 S13 Milano Dateo
59%
S2 S4 S12 Milano Nord Affori
59%
S5 S6 S11 Milano Villapizzone
59%
S5 Busto Arsizio
55%
S11 Chiasso
55%
S9 Milano San Cristoforo
55%
S5 S6 Pioltello - Limito
55%
S5 Gallarate
52%
S5 Legnano
52%
S9 S11 Lissone - Muggiò
52%
S9 Milano Romolo
52%
S5 S6 Segrate
52%
S9 Albairate - Vermezzo
48%
S8 Arcore
48%
S9 S11 Desio
48%
S5 S6 Melzo
48%
S1 S2 S5 S6 S12 S13 Milano Lancetti
48%
S3 S4 Milano Nord Domodossola
48%
S5 S6 S11 Rho Fiera
48%
S9 S11 Seregno
48%
S2 S4 Seveso
48%
S4 S11 Camnago - Lentate
45%
S9 Corsico
45%
S1 S3 S13 Garbagnate Milanese
45%
S6 Magenta
45%
S1 S12 Melegnano
45%
S1 S3 S13 Milano Nord Quarto Oggiaro
45%
S1 S2 S5 S6 S12 S13 Milano Porta Vittoria
45%
S1 S3 S13 Novate Milanese
45%
S9 Trezzano sul Naviglio
45%
S11 Cantù - Cermenate
41%
S5 S6 Cassano d'Adda
41%
S2 S4 S12 Cormano - Cusano
41%
S2 Meda
41%
S9 Milano Tibaldi - Bocconi
41%
S2 S4 Paderno Dugnano
41%
S1 S12 San Donato Milanese
41%
S1 S12 San Giuliano Milanese
41%
S1 San Zenone al Lambro
41%
S1 S3 S9 Saronno Sud
41%
S6 Trecate
41%
S1 S3 S13 Bollate Centro
38%
S1 S3 S13 Bollate Nord
38%
S8 Calolziocorte - Olginate
38%
S7 Carate - Calò
38%
S13 Certosa di Pavia
38%
S2 S4 S9 Cesano Maderno
38%
S11 Como Camerlata
38%
S6 Corbetta - Santo Stefano Ticino
38%
S9 Gaggiano
38%
S2 S4 S12 Milano Nord Bruzzano
38%
S2 S4 Bovisio Masciago - Mombello
34%
S8 Carnate - Usmate
34%
S1 S3 Cesate
34%
S5 Vanzago - Pogliano
34%
S2 S4 Varedo
34%
S6 Vittuone - Arluno
34%
S1 S12 Borgolombardo
31%
S5 Canegrate
31%
S1 S3 Caronno Pertusella
31%
S9 Ceriano Laghetto - Solaro
31%
S8 Cernusco - Merate
31%
S9 Cesano Boscone
31%
S1 S3 S13 Garbagnate Parco delle Groane
31%
S13 Locate Triulzi
31%
S2 Mariano Comense
31%
S7 Molteno
31%
S8 Olgiate - Calco - Brivio
31%
S2 S4 Palazzolo Milanese
31%
S5 Parabiago
31%
S5 S6 Pozzuolo Martesana
31%
S6 Pregnana Milanese
31%
S5 S6 Vignate
31%
S5 Albizzate - Solbiate Arno
28%
S7 Biassono - Lesmo Parco
28%
S5 Castronno
28%
S7 Monza Sobborghi
28%
S7 Oggiono
28%
S13 Pieve Emanuele
28%
S1 Tavazzano
28%
S5 S6 Trecella
28%
S13 Villamaggiore
28%
S8 Airuno
24%
S7 Besana
24%
S2 Cabiate
24%
S11 Carimate
24%
S7 Civate
24%
S11 Cucciago
24%
S5 Gazzada - Schianno - Morazzone
24%
S8 Osnago
24%
S9 Seveso - Baruccana
24%
S7 Valmadrera
24%
S7 Villa Raverio
24%
S7 Costa Masnaga
21%
S7 Macherio - Canonica
21%
S7 Renate - Veduggio
21%
S7 Triuggio - Ponte Albiate
21%
S5 Cavaria - Oggiona - Jerago
17%
S8 Lecco Maggianico
17%
S7 Sala al Barro - Galbiate
17%
S7 Buttafava
14%
S7 Cassago - Nibionno - Bulciago
14%
S7 Villasanta Parco
10%
Nessun quiz corrispondente trovato
Distribuzione punteggi
Percentuale di utenti per punteggio
Percentile per numero di risposta
I tuoi punteggi nel tempo
Non hai fatto questo quiz dall'ultimo reset